000
00342nam a22001457a 4500
008
221108b ||||| |||| 00| 0 eng d
020
_a
9781118700679
041
_a
eng
080
_a
611
082
_a
611 TOR
100
_a
10
101
_a
ANA
245
_a
A BRIEF ATLAS OF THE SKELETON AND SURFACE ANATOMY
_c
TORTORA G
942
_2
udc
_c
BK
999
_c
58797
_d
58797